000 00379nam a2200145 i 4500
001 bg
100 1 _aPERKALSKIS, B. S.
245 0 _aIspolzovanie sovremennych naucnych sredstv v fiziceskich demonstracijach /
_cB.S. Perkalskis.
250 _aIzd.2.
260 _aMoskva,
_c1971.
040 _cBPK
041 _apol
942 _cKS
008 s pl f |000 0 pol
999 _c26642
_d26642
856 _uhttp://koha.tu.koszalin.pl/cgi-bin/koha/opac-detail.pl?biblionumber=26642
_yKatalog online BPK